Deficiencia mental y comienzo de la vida humana
Uloženo v:
| Hlavní autoři: | , , , , , , , |
|---|---|
| Médium: | Kniha |
| Jazyk: | španělština |
| Vydáno: |
Madrid
Universidad Pontificia de Comillas
1998
|
| Edice: | Dilemas Eticos de la Deficencia Mental, 3
Documentos de Trabajo, 28 |
| Témata: | |
| Tagy: |
Přidat tag
Žádné tagy, Buďte první, kdo vytvoří štítek k tomuto záznamu!
|
MARC
| LEADER | 00000nam a2200000 a 4500 | ||
|---|---|---|---|
| 001 | UCI1434 | ||
| 003 | CL-VaPUC | ||
| 008 | 070629e19980000SP |||||||||||||||||spa|d | ||
| 020 | |a 8489708509 | ||
| 082 | 0 | 4 | |a 331.59 |b GAF |2 21 |
| 100 | |a Gafo Fernández, Javier |e author |9 480650 | ||
| 700 | 0 | |a Amor, José Ramón |e author |9 521945 | |
| 700 | 0 | |a Abrisqueta, José Antonio |e author |9 521946 | |
| 700 | 0 | |a Quero Jiménez, José |e author |9 521947 | |
| 700 | 0 | |a Bordóns Pisqueras, Eduardo de |e author |9 521948 | |
| 700 | 0 | |a Gómez de Terreros, Ignacio |e author |9 521949 | |
| 700 | |a Gracia Guillén, Diego |e author |9 530311 | ||
| 700 | 0 | |a Couceiro Vidal, Azucena |e author |9 521950 | |
| 245 | 1 | 0 | |a Deficiencia mental y comienzo de la vida humana |
| 300 | |a 186 p | ||
| 942 | |c BK | ||
| 945 | |d 20070629 00:00:00 |a jtorresc | ||
| 260 | |a Madrid |b Universidad Pontificia de Comillas |c 1998 | ||
| 650 | 0 | |a Deficiencia mental |9 334734 | |
| 650 | 0 | |a Minusválidos mentales |9 311830 | |
| 650 | 0 | |a Trabajo |9 313876 | |
| 650 | 7 | |a DERECHOS DE LOS MINUSVALIDOS |2 CL-VaPUC |9 450404 | |
| 650 | 0 | |a Valores sociales |9 309627 | |
| 650 | 0 | |a Integración social |9 319662 | |
| 583 | |a last modification |c 20070629 00:00:00 |k Rodrigo Vera | ||
| 490 | 0 | |a Dilemas Eticos de la Deficencia Mental, 3 | |
| 490 | 0 | |a Documentos de Trabajo, 28 | |
| 999 | |c 326256 |d 326254 | ||
| 952 | |0 0 |1 0 |4 0 |6 331_590000000000000_GAF_1998 |7 0 |8 A |9 408068 |a BIBEDU |b BIBEDU |d 2019-11-22 |i 4352696 |o 331.59 GAF 1998 |p 4352696 |r 2019-11-22 |w 2019-11-22 |y BK |k EDI | ||